| 000 | 00639nam a2200205 4500 | ||
|---|---|---|---|
| 003 | OSt | ||
| 005 | 20240701060910.0 | ||
| 006 | a | ||
| 008 | 240701b |||||||| |||| 00| 0 eng d | ||
| 020 | _a9780470605318 | ||
| 040 |
_aDWCL-Main lib. _cOC |
||
| 082 | _aCirc. 658.4092 K54d 2011 | ||
| 100 | _aKing, Sara N. | ||
| 245 | _aDiscovering the leader in you: how to realize your personal leadership potential / | ||
| 260 |
_aSan Francisco, Calif. : _bJossey-Bass, _cc2011. |
||
| 300 |
_axiv, _b142 p. ; _c24 cm. |
||
| 504 | _aIncludes bibliographical references and index. | ||
| 650 | _a1. Leadership. | ||
| 942 |
_2ddc _n0 _cBK-CIRC _kCirc. |
||
| 999 |
_c1710 _d1710 |
||